SKE48の楽曲 - Statistics

General Stats
  • This quiz has been taken 5 times
  • The average score is 49 of 336
Answer Stats
収録 名義 楽曲 センター % Correct
6th「パレオはエメラルド」 パレオはエメラルド 松井珠理奈
80%
SHOWROOM選抜 パレオはエメラルド(2023 ver.) 藤本冬香
80%
2012 8th「片想いFinally」 片想いFinally 松井珠理奈・松井玲奈
80%
シングル 2009 1st「強き者よ」 強き者よ 松井珠理奈
60%
10th「キスだって左利き」 キスだって左利き 松井珠理奈
60%
2013 11th「チョコの奴隷」 チョコの奴隷 松井珠理奈
60%
13th「賛成カワイイ!」 賛成カワイイ! 松井珠理奈・松井玲奈
60%
2014 14th「未来とは?」 未来とは? 松井珠理奈
60%
15th「不器用太陽」 不器用太陽 松井珠理奈
60%
2015 17th「コケティッシュ渋滞中」 コケティッシュ渋滞中 松井珠理奈・松井玲奈
60%
18th「前のめり」 前のめり 松井玲奈
60%
23rd「いきなりパンチライン」 いきなりパンチライン 松井珠理奈
60%
2020 26th「ソーユートコあるよね?」 ソーユートコあるよね? 須田亜香里
60%
16th「12月のカンガルー」 12月のカンガルー 北川綾巴・宮前杏実
60%
24th「Stand by you」 Stand by you 松井珠理奈
60%
2011 5th「バンザイVenus」 バンザイVenus 松井珠理奈・松井玲奈
60%
手をつなぎながら
40%
雨のピアニスト
40%
チョコの行方
40%
チームS 3rd Stage「制服の芽」 チームS 恋を語る詩人になれなくて…
40%
制服の芽
40%
枯葉のステーション
40%
2022 チームS 7th Stage「愛を君に、愛を僕に」 チームS 愛を君に、愛を僕に
40%
2011 チームKII 3rd Stage「ラムネの飲み方」 チームKII 兆し
40%
フィンランド・ミラクル
40%
嘘つきなダチョウ
40%
ウイニングボール
40%
ラムネの飲み方
40%
時間がない
40%
声出していこーぜ!!!
40%
2010 2nd「青空片想い」 青空片想い 松井珠理奈
40%
アンダーガールズB 羽豆岬 小木曽汐莉・平松可奈子
40%
白組 バズーカ砲発射! 松井珠理奈
40%
紅組 微笑みのポジティブシンキング 松井玲奈
40%
9th「アイシテラブル!」 アイシテラブル! 松井珠理奈
40%
12th「美しい稲妻」 美しい稲妻 松井珠理奈・松井玲奈
40%
だ〜す〜&つ〜ま〜 ここで一発
40%
愛知トヨタ選抜 道は なぜ続くのか? 松井珠理奈・松井玲奈
40%
Team E バナナ革命 松井玲奈
40%
20th「金の愛、銀の愛」 金の愛、銀の愛 松井珠理奈
40%
2017 21st「意外にマンゴー」 意外にマンゴー 小畑優奈
40%
2018 22nd「無意識の色」 無意識の色 小畑優奈
40%
2021 27th「恋落ちフラグ」 恋落ちフラグ 松井珠理奈
40%
28th「あの頃の君を見つけた」 あの頃の君を見つけた 林美澪
40%
30th「絶対インスピレーション」 絶対インスピレーション 青海ひな乃
40%
2023 31st「好きになっちゃった」 好きになっちゃった 末永桜花
40%
2024 32nd「愛のホログラム」 愛のホログラム 末永桜花
40%
33rd「告白心拍数」 告白心拍数 熊崎晴香
40%
36th「サンダルだぜ」 サンダルだぜ 大村杏
40%
4th「1!2!3!4! ヨロシク!」 1!2!3!4! ヨロシク! 松井珠理奈・松井玲奈
40%
青空片想い(2021 ver.) 井上瑠夏
40%
2022 29th「心にFlower」 心にFlower 林美澪
40%
2019 25th「FRUSTRATION」 FRUSTRATION 古畑奈和
40%
Glory days
40%
Innocence
40%
35th「Karma」 Karma 熊崎晴香・佐藤佳穂
40%
2016 19th「チキンLINE」 チキンLINE 松井珠理奈
40%
チャイムはLOVE SONG
40%
Nice to meet you!
40%
マンゴーNo.2
40%
AKBシングル収録 2008 AKB48 10th「大声ダイヤモンド」 SKE48 大声ダイヤモンド(SKE48 ver.) 松井珠理奈・松井玲奈
40%
3rd「ごめんね、SUMMER」 ごめんね、SUMMER 松井珠理奈・松井玲奈
40%
2025 34th「Tick tack zack」 Tick tack zack 熊崎晴香
40%
キネクト TWO ROSES
40%
劇場公演 2009 チームS 2nd Stage「手をつなぎながら」 チームS 僕らの風
20%
この胸のバーコード
20%
ウィンブルドンへ連れてって
20%
ロマンスロケット
20%
恋の傾向と対策
20%
大好き
20%
ロープの友情
20%
火曜日の夜、水曜日の朝
20%
遠くにいても
20%
アンテナ
20%
思い出以上
20%
狼とプライド
20%
女の子の第六感
20%
万華鏡
20%
ジェラシーのアリバイ
20%
水のないプール
20%
ピノキオ軍
20%
手紙のこと
20%
小悪魔ブルーベリー
20%
校庭の仔犬
20%
ディスコ保健室
20%
クロス
20%
眼差しサヨナラ
20%
孤独なバレリーナ
20%
今 君といられること
20%
握手の愛
20%
ボウリング願望
20%
ドント・ストップ・ミュージック
20%
いいね、それいいね
20%
2023 チームE 6th Stage「声出していこーぜ!!!」 チームE 貴方へ
20%
単推しシンドローム
20%
ユースコール
20%
キラスキ
20%
星の雫
20%
ねえ 横浜のあの子を好きになっちゃったの?
20%
あなたへ
20%
チームB.L.T. バンジー宣言 小野晴香
20%
アンダーガールズA 少女は真夏に何をする? 木下有希子
20%
紅組 青春は恥ずかしい 松井玲奈・矢神久美
20%
紅組 パパは嫌い 松井玲奈
20%
セレクション8 花火は終わらない 松井珠理奈
20%
7th「オキドキ」 積み木の時間 松井珠理奈
20%
初恋の踏切
20%
白組 はにかみロリ―ポップ 松井珠理奈
20%
紅組 声がかすれるくらい 松井玲奈
20%
セレクション8 寡黙な月 松井珠理奈
20%
セレクション8 ハレーション 佐藤実絵子
20%
白組 あうんのキス 柴田阿弥
20%
研究生 目が痛いくらい晴れた空 菅なな子
20%
紅組 鳥は青い空の涯を知らない 金子栞・木下有希子
20%
神々の領域 松井珠理奈
20%
旅立ち卒業組 それを青春と呼ぶ日 矢神久美
20%
セレクション8 スルー・ザ・ナイト 出口陽
20%
セレクション18 ずっとずっと先の今日 松井珠理奈・松井玲奈
20%
Team S 放課後レース 松井珠理奈
20%
セレクション10 友達のままで 松井珠理奈・松井玲奈
20%
Team KII サヨナラ 昨日の自分 高柳明音
20%
Team S 消せない炎 松井珠理奈
20%
Team E 青春カレーライス 松井玲奈
20%
桜、覚えていてくれ 中西優香
20%
Team S 凍える前に 松井珠理奈
20%
Passion For You選抜 ゲームしませんか? 江籠裕奈
20%
林美澪 私の時計
20%
Team S どうでもよくない 野村実代
20%
Team E 岸辺の少女よ 林美澪
20%
Team E 岸辺の誰か 佐藤佳穂
20%
SKE48 ミミフィーユ 純情川 倉島杏実
20%
OneGem 隣の人は? 相川暖花
20%
セレクション8 拗ねながら、雨… 松井珠理奈・松井玲奈
20%
2017 2nd『革命の丘』 夏よ、急げ! 松井珠理奈
20%
松井珠理奈 花占い
20%
2012 AKB48 29th「永遠プレッシャー」 SKE48 強がり時計 松井珠理奈・松井玲奈
20%
2018 AKB48 51st「ジャーバージャ」 SKE48 愛の喪明け 松井珠理奈
20%
ユニット 2015 ラブ・クレッシェンド 1st「コップの中の木漏れ日」 ラブ・クレッシェンド コップの中の木漏れ日 松井珠理奈
20%
2021 カミングフレーバー 1stシングル「カメリア」 カメリア
20%
2023 カミングフレーバー 配信限定シングル「ウェキメキ」 ウェキメキ
20%
シャチフレ 配信限定シングル「かいじん」 かいじん
20%
ボートピア選抜 Coming soon 高柳明音・松井玲奈
20%
Team KII DA DA マシンガン 高柳明音・古畑奈和
20%
セブンダンサーズ Darkness 松井珠理奈
20%
Team S DIRTY 松井珠理奈
20%
Doubt!
20%
だ〜す〜、つ〜ま〜&に〜た〜 恋よりもDream 谷真理佳
20%
2013 AKB48 34th「鈴懸の木の道で「君の微笑みを夢に見る」と言ってしまったら僕たちの関係はどう変わってしまうのか、僕なりに何日か考えた上でのやや気恥ずかしい結論のようなもの」 SKE48 Escape 山田みずほ
20%
アルバム 2012 1st『この日のチャイムを忘れない』 Team S フラフープで GO!GO!GO! 松井珠理奈・松井玲奈
20%
愛知トヨタ選抜 I love AICHI
20%
2023 シャチフレ 1stシングル「I's PRIDE」 I's PRIDE
20%
Team S JYURI-JYURI BABY 松井珠理奈
20%
合格Kiss
20%
LOVE RENOVATION
20%
九龍嬢 Mayflower
20%
Over the Top
20%
お待たせSet list
20%
カミングフレーバー 配信限定シングル「To Forward」 To Forward
20%
シアターガールズ ピノキオ軍(シアターガールズ ver.) 上野圭澄・出口陽
20%
仲間の歌
0%
楽園の階段
0%
旅立てジャック
0%
恋せよ乙女 エクスプロージョン!
0%
流星
0%
嵐からの隠れ場所
0%
恋するつぼみ
0%
ともだち
0%
リ と マ
0%
頼りは翼だけだ
0%
マイ・ドリーム
0%
2022 チームKII 8th Stage「時間がない」 チームKII 異形のダンス
0%
君は未来に試されている
0%
転生しても好きでした
0%
瞳の中にアップル
0%
プレシャス
0%
空の青さに理由(わけ)はない
0%
ハートブレイカーズ
0%
消えない虹を心にかけて
0%
僕らを繋ぐもの
0%
誰しもいつかは止まる心臓を
0%
グーとパー
0%
ぎゃぎゃぎゃわいい
0%
君ダケ好キダッタ私ヲ置イテユク
0%
白組 コスモスの記憶 高柳明音・松井珠理奈
0%
そばにいさせて
0%
チームKII 愛の数 高柳明音
0%
白組 卒業式の忘れもの 松井珠理奈
0%
紅組 誰かのせいにはしない 松井玲奈
0%
白組 ときめきの足跡 松井珠理奈
0%
セレクション8 歌おうよ、僕たちの校歌 松井珠理奈
0%
今日までのこと、これからのこと
0%
紅組 なんて銀河は明るいのだろう 松井玲奈
0%
白組 体育館で朝食を 石田安奈・平松可奈子
0%
公演頑張った組 あっという間の少女 二村春香
0%
14カラット バイクとサイドカー 松井玲奈
0%
白組 冬のかもめ 柴田阿弥・松本梨奈
0%
Team E シャララなカレンダー 木本花音・松井玲奈
0%
研究生 夕立の前 北川綾巴
0%
ボートピア選抜 青春の水しぶき 松井玲奈
0%
マジカルバンド バンドをやろうよ 北原里英
0%
セレクション8 いつのまにか、弱い者いじめ 新土居沙也加・二村春香
0%
白組 カナリアシンドローム 磯原杏華
0%
紅組 石榴の実は憂鬱が何粒詰まっている? 山田みずほ
0%
Team E 待ち合わせたい 松井玲奈
0%
(2期生) 僕らの絆 向田茉夏
0%
フォーカード 愛のルール 高柳明音・古川愛李
0%
DOCUMENTARY of SKE48 僕は知っている 松井珠理奈・松井玲奈
0%
Team E 音を消したテレビ 松井玲奈
0%
セレクション17 “AKB49〜恋愛禁止条例〜” 夜の教科書 古畑奈和
0%
Team S 素敵な罪悪感 松井珠理奈
0%
ドリーミング ガールズ 制服を着た名探偵 熊崎晴香
0%
Team KII 焦燥がこの僕をだめにする
0%
Team E 長い夢のラビリンス 松井玲奈
0%
Team S 彼女がいる 矢方美紀
0%
Passion For You 選抜 望遠鏡のない天文台 大矢真那
0%
Team KII キスポジション 小畑優奈
0%
宮澤佐江と仲間たち 旅の途中 宮澤佐江
0%
ランクインガールズ2016 ハッピーランキング 松井珠理奈
0%
柴田阿弥と4期生 サヨナラが美しくて 柴田阿弥
0%
やんちゃな天使とやさしい悪魔 いい人いい人詐欺 杉山愛佳・水野愛理
0%
Team S パーティーには行きたくない 松井珠理奈
0%
Passion For You選抜 奇跡の流星群 江籠裕奈
0%
Team KII 円を描く 高柳明音・古畑奈和
0%
Team E オレトク 須田亜香里
0%
大矢真那 永遠のレガシー
0%
研究生 夢の階段を上れ! 井上瑠夏・野村実代
0%
ラブ・クレッシェンド 反射的スルー 小畑優奈・松井珠理奈
0%
サガミチェーン選抜 夜明けのコヨーテ 須田亜香里・松井珠理奈
0%
名前呼ばれ隊 ぼっちでスキップ 内山命
0%
サクララブレター32 触らぬロマンス 末永桜花
0%
Passion For You選抜 花の香りのシンフォニー 江籠裕奈
0%
Team KII 誰かの耳 小畑優奈
0%
Team E 君はラムネ 須田亜香里
0%
B・ラヴィエール 大人の世界 谷真理佳
0%
研究生&ドラフト3期生 例のポテトチップス 西満里奈・平田詩奈
0%
愛知トヨタ選抜 地元民たちよ
0%
Team KII 蹴飛ばした後で口づけを 古畑奈和
0%
Team E 入り口 須田亜香里
0%
松村香織 ありがとうは言いたくない
0%
神様は見捨てない
0%
カミングフレーバー せ〜ので言おうぜ! 野村実代
0%
紅組 人生の無駄遣い 髙畑結希
0%
野島樺乃 夢の在処へ
0%
研究生 滑り台から 青海ひな乃
0%
カミングフレーバー 君のいない世界 野村実代
0%
ジュエルボックス ストレートな純情 松本慈子
0%
ハイウェイガールズ 恋の根拠 平田詩奈
0%
高柳明音 青春の宝石
0%
SKE48 10期生 渚のイメージ 加藤結・木内俐椛子
0%
Passion For You選抜 あの頃のロッカー 荒井優希
0%
カミングフレーバー 音の割れたチャイム 青海ひな乃・野村実代
0%
プリマステラ 雨のち奇跡的に晴れ 坂本真凛・末永桜花
0%
世界のスーパーヒーロー 太田彩夏
0%
江籠裕奈 自転車のベルで伝えたい
0%
大場美奈 生まれ変わっても
0%
じゃないロマンティック 青海ひな乃
0%
仲間よ 太田彩夏
0%
プリマステラ 電線は消えても
0%
須田亜香里 私の歩き方
0%
片想いフォーエバー 中野愛理
0%
Team S 愛してるって言われたことがない 青海ひな乃・野村実代
0%
Team E 語り合うことから始めよう 熊崎晴香
0%
研究生 君の瞳に感電中 原優寧
0%
Team S 言えなくてタコス 野村実代
0%
Team KII 恋の哲学者 荒井優希
0%
Team KII 遠くの恋人よりも 佐藤佳穂
0%
Team E 心よ 声を上げろ! 大村杏
0%
Team S どこまで嘘を言えたら 野村実代
0%
Team KII 僕たちの疑問 井上瑠夏
0%
Team KII 叱ってよ、ダーリン! 高柳明音
0%
Team E みつばちガール 金子栞・木本花音
0%
研究生 その先に君がいた 松村香織
0%
Team KII ヘビーローテーション
0%
Team E ポニーテールとシュシュ
0%
ラブ・クレッシェンド ライフルガール 松井珠理奈
0%
ゼロベース 松井珠理奈
0%
愛知トヨタ選抜 ホライズン 北川綾巴・松井珠理奈
0%
てっぺんとったるて! 白井琴望・青木詩織
0%
制服を脱ぎたくなって来た 小畑優奈・後藤楽々
0%
愛のために何を捨てる? 古畑奈和
0%
須田亜香里 今の私じゃダメなんだ
0%
2015 AKB48 39th「Green Flash」 SKE48 世界が泣いてるなら 松井珠理奈
0%
キャラメルキャッツ あの先の未来まで 惣田紗莉渚
0%
愛知トヨタ選抜 お楽しみは明日から
0%
トランジットガールズ だって 雨じゃない? 柴田阿弥・須田亜香里
0%
フルマリオン 愛してるとか、愛してたとか
0%
デッドストックダイヤモンド 平民出馬宣言 谷真理佳・松村香織
0%
ヒトリゴト
0%
おいてけぼり
0%
超・ワルプルギス
0%
100万リットルの涙
0%
Team KII 100年経ったら Kiss me! 江籠裕奈・日高優月
0%
16色の夢クレヨン
0%
Team KII 2人だけのパレ―ド 高柳明音
0%
松井玲奈 2588日
0%
研究生 Beautiful 原優寧
0%
コサンガー7 Because どっちつかず 谷真理佳
0%
Team S Beginner
0%
Black Pearl Change Your World 江籠裕奈・熊崎晴香
0%
Team KII Cherry17 中野愛理
0%
Don't judge me
0%
Team S 猫の尻尾がピンと立ってるように…feat. Bose (スチャダラパー) 向田茉夏
0%
Fly me to the universe
0%
GALAXY of DREAMS GALAXY of DREAMS 松井珠理奈・松井玲奈
0%
Go for the Dream!!
0%
2016 AKB48 43rd「君はメロディー」 SKE48 Gonna Jump 後藤楽々
0%
青春Growing
0%
Team E How did you know? 大村杏
0%
Team E Is that your secret? 髙寺沙菜
0%
Team KII 今夜はJoin us! 高柳明音・古畑奈和
0%
今すぐKiss Me
0%
LIVE MASTER
0%
Long long way home
0%
Loose control
0%
ネクストポジション 窓際LOVER 北野瑠華・松本慈子
0%
Meet a Girls Cute!
0%
松井珠理奈 Memories 〜いつの日か会えるまで〜
0%
MY BESTIE
0%
(9・10・11期生) New Ager 原優寧
0%
Team S Parting shot 松井珠理奈
0%
Revolver
0%
Team KII S子と嘘発見器 須田亜香里・高柳明音
0%
白組 あの日のSecret Base 北川綾巴
0%
紅組 追いかけShadow 金子栞・古畑奈和
0%
ラブ・クレッシェンド 今夜はShake it ! 松井珠理奈
0%
SKE48 ミミフィーユ Speak honestly
0%
SURFな最近
0%
TRUTH
0%
Team S Unlimited 野村実代
0%
2017 AKB48 47th「シュートサイン」 SKE48 Vacancy 松井珠理奈
0%
2021 カミングフレーバー 1stミニアルバム「かみふれ!」 We are カミフレ!!!!!!!
0%
We Don't Have A Time!!
0%
愛知トヨタ選抜 We're Growing Up
0%
松井珠理奈 Who are you ?
0%
釘付けwink♡
0%
No matching quizzes found
Score Distribution
Percent of People with Each Score
Percentile by Number Answered
Your Score History
You have not taken this quiz